| 000 | 00818nam a22002297a 4500 | ||
|---|---|---|---|
| 999 |
_c59308 _d59308 |
||
| 005 | 20230116163206.0 | ||
| 008 | 230116s2017ge xxu||||| |||| 00| 0 ger d | ||
| 020 | _a 978312605037 X | ||
| 041 | _ager | ||
| 080 | _a811.112.1 A-87 | ||
| 245 |
_a Aspekte neu :Mittelstufe Deutsch _bLehr- und Arbeitsbuch 3, Teil 1 C1 / _cUte Koithan, Helen Schmitz, Tanja Sieber, Ralf Sonntag |
||
| 264 |
_aStuttgart : _bErnst Klett Sprachen, _c2017. |
||
| 300 |
_a200 p.: _bIllustrat; + 1 CD _c28 cm. |
||
| 653 | _aAspekte neu : Mittelstufe Deutsch. 3 | ||
| 653 | _aგერმანული ენა | ||
| 653 | _aახალი ასპექტები | ||
| 700 |
_a Koithan, Ute _916688 |
||
| 700 |
_aSchmitz, Helen _916689 |
||
| 700 |
_aSieber, Tanja _916690 |
||
| 700 |
_aSonntag, Ralf _910081 |
||
| 942 |
_2udc _cBK |
||